Die römische Campagna. (Record no. 23830)

MARC details
000 -LEADER
fixed length control field 00602cam a22002291 4500
001 - CONTROL NUMBER
control field g 01001751
003 - CONTROL NUMBER IDENTIFIER
control field DLC
005 - DATE AND TIME OF LATEST TRANSACTION
control field 20260227111256.0
008 - FIXED-LENGTH DATA ELEMENTS--GENERAL INFORMATION
fixed length control field 840411s1888 gw 000 0 ger
010 ## - LIBRARY OF CONGRESS CONTROL NUMBER
LC control number g 01001751
035 ## - SYSTEM CONTROL NUMBER
System control number (OCoLC)29095270
040 ## - CATALOGING SOURCE
Original cataloging agency DLC
Transcribing agency MnU
Modifying agency DLC
042 ## - AUTHENTICATION CODE
Authentication code premarc
043 ## - GEOGRAPHIC AREA CODE
Geographic area code e-it---
050 00 - LIBRARY OF CONGRESS CALL NUMBER
Classification number HB41
Item number .S7
100 1# - MAIN ENTRY--PERSONAL NAME
Personal name Sombart, Werner,
Dates associated with a name 1863-1941.
245 04 - TITLE STATEMENT
Title Die römische Campagna.
260 ## - PUBLICATION, DISTRIBUTION, ETC.
Place of publication, distribution, etc. Leipzig,
Name of publisher, distributor, etc. Duncker & Humblot,
Date of publication, distribution, etc. 1888.
300 ## - PHYSICAL DESCRIPTION
Extent viii, 182 p.
Dimensions 23 cm.
651 #0 - SUBJECT ADDED ENTRY--GEOGRAPHIC NAME
Geographic name Italy
General subdivision Economic conditions.
651 #0 - SUBJECT ADDED ENTRY--GEOGRAPHIC NAME
Geographic name Campagna di Roma (Italy)

No items available.

Powered by Koha